Statistics for Beatles Songs by Synonyms 2

Click here to take the quiz!

General Stats

  • This quiz has been taken 1,277 times
  • The average score is 13 of 20

Answer Stats

SynonymsSong% Correct
Hi, FarewellHello, Goodbye
94%
A Difficult 24-Hour Period's EndA Hard Day's Night
91%
Lucille in the Atmosphere With GemsLucy in the Sky With Diamonds
91%
With Minute Aid From My PalsWith a Little Help From My Friends
90%
Again in the Soviet UnionBack in the U.S.S.R.
89%
Everything One Requires is AffectionAll You Need is Love
88%
Fruit Meadows AlwaysStrawberry Fields Forever
87%
Hither Arrives the StarHere Comes the Sun
81%
Admission to TravelTicket to Ride
75%
As My Six-String Softly CriesWhile My Guitar Gently Weeps
65%
Novella AuthorPaperback Writer
62%
Within My ExistenceIn My Life
60%
RebellionRevolution
60%
Bliss is a Hot FirearmHappiness is a Warm Gun
56%
Honey, You're a Wealthy FellowBaby, You're a Rich Man
49%
Stony Trash PandaRocky Raccoon
47%
Existing for the Interest of Mr. Aircraft!Being for the Benefit of Mr. Kite!
46%
Would You Desire to Perceive a Mystery?Do You Want to Know a Secret?
44%
I'm Quite WearyI'm So Tired
43%
Beloved JudgmentDear Prudence
12%

Score Distribution

Percentile by Number Answered

Percent of People with Each Score

Your Score History

You have not taken this quiz